| 000 | 00402nam a2200145Ia 4500 | ||
|---|---|---|---|
| 008 | 220217s9999||||xx |||||||||||||| ||und|| | ||
| 020 | _a9780071067850 | ||
| 082 | _a658.15 KHA | ||
| 100 | _aKhan, M.Y and Jain, P.K | ||
| 245 | 0 | _aFinancial management | |
| 250 | _a6th | ||
| 260 |
_aTata mcgraw hill company Ltd _bNew Delhi _c2010 |
||
| 300 |
_aXXI, 1349p. _b595 |
||
| 650 | _aFINANCE MANAGEMENT | ||
| 999 |
_c183815 _d183815 |
||